000 00685nam a22002055i 4500
001 157361
003 ES-MaACL
005 20230906210649.0
008 040824s1865 gw |||| | eng d
040 _aCAM
_bspa
_cCAM
100 1 _aLe Fanu, Joseph Sheridan.
_970870
245 1 0 _aGuy Deverell /
_cby J.S. Le Fanu.
260 _aLeipzig :
_bBernhard Tauchnitz,
_c1865.
300 _a2 v. (VIII, 310 ; 298 p.) ;
_c16 cm.
490 1 _aCollection of british authors ;
_v803 ; 804
650 4 _aNovela inglesa.
_9137408
830 0 _aCollection of british authors ;
_v803 ; 804
_9180703
852 _aES-MaACL
_jG-12630
_z-- Enc. hol.
_z-- Enc. 2 t. en 1 v.
999 _c157361
_d157361